00445nam a2200157Ia 4500008004100000020001800041082001400059100001600073245005300089250000700142260004000149300003100189500001900220600003300239650001500272240925s9999 xx 000 0 und d a9788184006407 a158.1 SET aSeth, Suhel 0aGet to the Top: the ten rules for social success aNA aUnited States:bEbury Pressc,2014. aVarious pagesb0fOriginal aIncludes Index aHumanities & Natural Science aPsychology